Política social dominicana : (Registro nro. 13888)

Detalles MARC
000 -LEADER
fixed length control field 01315nam a2200301 a 4500
001 - CONTROL NUMBER
control field
003 - CONTROL NUMBER IDENTIFIER
control field OSt
005 - DATE AND TIME OF LATEST TRANSACTION
control field 20211122124830.0
007 - PHYSICAL DESCRIPTION FIXED FIELD--GENERAL INFORMATION
fixed length control field ta
008 - FIXED-LENGTH DATA ELEMENTS--GENERAL INFORMATION
fixed length control field 180830e2016 dr ad eri 001 0 spa d
020 ## - INTERNATIONAL STANDARD BOOK NUMBER
International Standard Book Number 9789945895889
040 ## - CATALOGING SOURCE
Original cataloging agency DO-SdBNP
Language of cataloging spa
Transcribing agency BPMSU
041 ## - LANGUAGE CODE
Language code of original
082 ## - DEWEY DECIMAL CLASSIFICATION NUMBER
Classification number 361.097293
Item number V145p 2016
Edition number 22
100 1# - MAIN ENTRY--PERSONAL NAME
Personal name Valdéz Ramírez, Julia A.
245 10 - TITLE STATEMENT
Title Política social dominicana :
Remainder of title contextos, instituciones e inversiones desde sus inicios hasta 2012 /
Statement of responsibility, etc. Julián A. Valdés Ramírez.
260 ## - PUBLICATION, DISTRIBUTION, ETC. (IMPRINT)
Place of publication, distribution, etc. Santo Domingo :
Name of publisher, distributor, etc. Cuesta Veliz,
Date of publication, distribution, etc. 2016.
300 ## - PHYSICAL DESCRIPTION
Extent 355 p.:
Other physical details ils. gráficos ;
Dimensions 26 cm.
500 ## - GENERAL NOTE
General note Incluye datos biográficos del autor en la solapa de la cubierta
504 ## - BIBLIOGRAPHY, ETC. NOTE
Bibliography, etc Bibliografía p. (341-355)
505 0# - FORMATTED CONTENTS NOTE
Formatted contents note Estado,, ciudadanía y política social --
Title Los orígenes de la política social dominicana --
-- Política social como meciación capital-trabajo --
-- Polítca social contrainsurgente --
-- Fallida demostración del bienestar --
-- La transición (o política social a la deriva ) --
-- Subsidiarismo truncado.
590 ## - LOCAL NOTE (RLIN)
Local note Inventariado, 2021/VM
651 #4 - SUBJECT ADDED ENTRY--GEOGRAPHIC NAME
Geographic name República Dominicana
General subdivision Política Social
-- Historia
651 #4 - SUBJECT ADDED ENTRY--GEOGRAPHIC NAME
Geographic name República Dominicana
General subdivision Condiciones Sociales
651 #4 - SUBJECT ADDED ENTRY--GEOGRAPHIC NAME
Geographic name América Latina
General subdivision Condiciones Sociales
910 ## - USER-OPTION DATA (OCLC)
User-option data VMateo V
942 ## - ADDED ENTRY ELEMENTS (KOHA)
Source of classification or shelving scheme Dewey Decimal Classification
Koha item type Libros
Existencias
Withdrawn status Lost status Source of classification or shelving scheme Damaged status Not for loan Collection code Home library Current library Date acquired Source of acquisition Full call number Barcode Date last seen Price effective from Koha item type
    Dewey Decimal Classification     Colección Dominicana Biblioteca Pública Metropolitana Salomé Ureña Biblioteca Pública Metropolitana Salomé Ureña 11/22/2021 Editora Búho BPMSU CD 362.097293 V145p 2016 BPMSU21110107 11/22/2021 11/22/2021 Libros